000 00298nam a22001217a 4500
008 230621b xxu||||| |||| 00| 0 eng d
082 _a327.6
_bUSI 2001
245 _aAfrican Review of Foreign Policy
260 _aNairobi
_bUSIU
_c2001
300 _a64p
440 _n2
_v3
_x15615308
942 _2ddc
_cBK
999 _c1954
_d1954